Comparative study of microcredit recipients of NGOs and determinants of their perception of poverty alleviation / (Record no. 15781)

MARC details
000 -LEADER
fixed length control field 01083nam a22002417a 4500
003 - CONTROL NUMBER IDENTIFIER
control field BD-DhSAU
005 - DATE AND TIME OF LATEST TRANSACTION
control field 20220524111207.0
008 - FIXED-LENGTH DATA ELEMENTS--GENERAL INFORMATION
fixed length control field 220425b2018 bg ad || |||| 001 0 eng d
040 ## - CATALOGING SOURCE
Original cataloging agency BD-DhSAU
082 ## - DEWEY DECIMAL CLASSIFICATION NUMBER
Edition number 22
Classification number 338.1
Item number R8121
100 ## - MAIN ENTRY--PERSONAL NAME
Personal name Roy, Pollobi
Relator term Registration # 12-05179
245 ## - TITLE STATEMENT
Title Comparative study of microcredit recipients of NGOs and determinants of their perception of poverty alleviation /
Remainder of title MS thesis
Statement of responsibility, etc. Pollobi Roy
260 ## - PUBLICATION, DISTRIBUTION, ETC. (IMPRINT)
Place of publication, distribution, etc. Sher-e-Bangla Agricultural Uniersity :
Name of publisher, distributor, etc. Department of Development and Poverty Studies ;
Date of publication, distribution, etc. 2018
300 ## - PHYSICAL DESCRIPTION
Extent viii, 50 p. :
Other physical details ill., charts ;
Dimensions 30 cm.
500 ## - GENERAL NOTE
General note MS thesis Department of Development and Poverty Studies, Faculty of Agri busnisses, Sher-e-Bangla Agricultural University, Dhaka, Bangladesh
590 ## - Name of Cataloguer
Name of Cataloger kobir
650 ## - SUBJECT ADDED ENTRY--TOPICAL TERM
Topical term or geographic name as entry element Development and Poverty Studies
650 ## - SUBJECT ADDED ENTRY--TOPICAL TERM
Topical term or geographic name as entry element Poverty alleviation
700 ## - ADDED ENTRY--PERSONAL NAME
Personal name Sarker, Md Mizanur Rahman
Relator term Supervisor
700 ## - ADDED ENTRY--PERSONAL NAME
Personal name Latif, Md. Abdul
Relator term Co-Supervisor
856 ## - ELECTRONIC LOCATION AND ACCESS
Link text Online Access
Uniform Resource Identifier <a href="http://archive.saulibrary.edu.bd:8080/xmlui/handle/123456789/3796">http://archive.saulibrary.edu.bd:8080/xmlui/handle/123456789/3796</a>
942 ## - ADDED ENTRY ELEMENTS (KOHA)
Source of classification or shelving scheme Dewey Decimal Classification
Koha item type MS Level Thesis
Holdings
Withdrawn status Lost status Source of classification or shelving scheme Damaged status Not for loan Collection code Home library Branch Name Shelving location Date acquired Total Checkouts Full call number Barcode Date last seen Price effective from Koha item type
    Dewey Decimal Classification   Not For Loan Reference SAU Library SAU Library Reference 25/04/2022   338.1 R8121 43362 12/05/2022 12/05/2022 MS Level Thesis